Asamiya kavita : (Record no. 3717)
[ view plain ]
| 000 -LEADER | |
|---|---|
| fixed length control field | 00530cam a2200193ua 4500 |
| 001 - CONTROL NUMBER | |
| control field | 3896 |
| 005 - DATE AND TIME OF LATEST TRANSACTION | |
| control field | 20260515113740.0 |
| 008 - FIXED-LENGTH DATA ELEMENTS--GENERAL INFORMATION | |
| fixed length control field | 111221n ii |||gr||||Z||||||asm |
| 040 ## - CATALOGING SOURCE | |
| Transcribing agency | MAIN |
| 082 ## - DEWEY DECIMAL CLASSIFICATION NUMBER | |
| Classification number | 891.4511 |
| 100 ## - MAIN ENTRY--PERSONAL NAME | |
| Personal name | Bormodoi, Ananda., |
| 245 11 - TITLE STATEMENT | |
| Title | Asamiya kavita : |
| Remainder of title | adhunikatar pora uttar adhunikataloi / |
| Statement of responsibility, etc. | by Ananda Bormodoi |
| 250 ## - EDITION STATEMENT | |
| Edition statement | 1st. |
| 260 ## - PUBLICATION, DISTRIBUTION, ETC. | |
| Place of publication, distribution, etc. | Dibrugarh: |
| Name of publisher, distributor, etc. | Assamese deptt. Dibrugarh university, |
| Date of publication, distribution, etc. | 2011. |
| 300 ## - PHYSICAL DESCRIPTION | |
| Extent | 108p: |
| Dimensions | 23cm. |
| 653 ## - INDEX TERM--UNCONTROLLED | |
| Uncontrolled term | Assamese poem |
| 653 ## - INDEX TERM--UNCONTROLLED | |
| Uncontrolled term | Asamiya kavita |
| 942 ## - ADDED ENTRY ELEMENTS (KOHA) | |
| Koha item type | Books |
| Withdrawn status | Lost status | Damaged status | Not for loan | Home library | Current library | Shelving location | Date acquired | Total checkouts | Full call number | Barcode | Date last seen | Copy number | Price effective from | Koha item type |
|---|---|---|---|---|---|---|---|---|---|---|---|---|---|---|
| Naharkatiya College Library | Naharkatiya College Library | General stacks | 09/19/2020 | 891.4511 | BOR | 20459 | 09/19/2020 | 2 | 09/19/2020 | Books | |||||
| Naharkatiya College Library | Naharkatiya College Library | General stacks | 09/19/2020 | 891.4511 | BOR | 20460 | 09/19/2020 | 1 | 09/19/2020 | Books | |||||
| Naharkatiya College Library | Naharkatiya College Library | General stacks | 09/19/2020 | 891.4511 | BOR | 20461 | 09/19/2020 | 3 | 09/19/2020 | Books |